| 000 | 01131nam a2200265 a 4500 | ||
|---|---|---|---|
| 001 | 000001793 | ||
| 005 | 20200929145714.0 | ||
| 008 | 090629s2006 cu ac 000 0 spa d | ||
| 020 | _a9592112479 | ||
| 040 |
_aDO-SdBNP _bspa _cBNPHU |
||
| 082 |
_a303.625 _bA472c |
||
| 100 | 1 |
_aAlvarado Godoy, Percy Francisco, _d1949- _93229 |
|
| 245 | 1 | 0 |
_aConfesiones de Fraile : _bla labor de un agente de la seguridad cubana que penetró el ala terrorista de la Fundación Nacional Cubano- Americana / _cPercy Francisco Alvarado Godoy. |
| 246 | 1 | 4 | _aConfesiones de Fraile : una historia real de terrorismo |
| 260 |
_aLa Habana, Cuba : _bCapitán San Luis, _c2006. |
||
| 300 |
_a153 p : _bil., retrs. ; _c22 cm. |
||
| 500 | _aIncluye datos biográficos del autor en la solapa de la cubierta | ||
| 600 | 1 | 4 |
_aALVARADO GODOY, PERCY FRANCISCO, _d1949- _95818 |
| 650 | 4 |
_aTerrorismo _zCuba _95819 |
|
| 650 | 4 |
_aEspias _zCuba _xBiografías _95820 |
|
| 650 | 4 |
_aEspionaje cubana _zEstados Unidos _95821 |
|
| 650 | 4 |
_aServicio de inteligencia _zCuba _95822 |
|
| 650 | 4 |
_aActividades subversivas _zCuba _95823 |
|
| 650 | 4 |
_aTerroristas _zFlórida, Miami _95824 |
|
| 999 |
_c1670 _d1670 |
||